| 000 | 01248cam a2200289 a 4500 | ||
|---|---|---|---|
| 999 |
_c234694 _d234694 |
||
| 001 | 1164112 | ||
| 003 | Nust | ||
| 005 | 20170329132528.0 | ||
| 008 | 961009s1997 enka b 001 0 eng | ||
| 010 | _a 96039295 | ||
| 020 | _a0521570980 (hbk.) | ||
| 020 | _a81-7596-106-6 | ||
| 040 |
_aDLC _cASAB _dDLC |
||
| 050 | 0 | 0 |
_aQP31.2 _b.S363 1997 |
| 082 | 0 | 0 |
_a571.1 _221 |
| 100 | 2 |
_aSchmidt-Nielsen, Knut, _d1915- |
|
| 245 | 1 | 0 |
_aAnimal physiology : _badaptation and environment / _cKnut Schmidt-Nielsen. |
| 250 | _a5th ed. | ||
| 260 |
_aCambridge [England] ; _aNew York, NY, USA : _bCambridge University Press, _c1997. |
||
| 300 |
_aviii, 607 p. : _bill. (some col.) ; _c24 cm. |
||
| 504 | _aIncludes bibliographical references and index. | ||
| 650 | 0 | _aPhysiology. | |
| 856 | 4 | 2 |
_3Publisher description _uhttp://www.loc.gov/catdir/description/cam028/96039295.html |
| 856 | 4 | 1 |
_3Table of contents _uhttp://www.loc.gov/catdir/toc/cam026/96039295.html |
| 906 |
_a7 _bcbc _corignew _d1 _eocip _f19 _gy-gencatlg |
||
| 942 |
_2ddc _cBK |
||